000 00616nam a2200241Ia 4500
003 OSt
005 20220918202457.0
006 a|||||r|||| 00| 0
007 ta
008 220917b |||||||| |||| 00| 0 eng d
024 _a101,517
037 _cTextual
040 _aARTS
_cARTS
_beng
041 _2eng
_aeng
082 _aV2,21y7N26, N8
100 _aBakshi S R
_924227
245 0 _aAtal Bihari Vajpayee
260 _aNew Delhi
_bDeep and Deep
_c1998
300 _axii, 288p.
_ccm.
650 _aHISTORY
942 _hV2,21y7N26, N8
_cTEXL
_2CC
999 _c224998
_d224998